| 000 | 00916nam a2200265 i 4500 | ||
|---|---|---|---|
| 001 | 180268 | ||
| 003 | ES-MaACL | ||
| 005 | 20250727032056.0 | ||
| 008 | 120522s1993 sp | |||| ||spa d | ||
| 020 | _a84-7658-411-3 | ||
| 080 | _a809.169:32 | ||
| 080 | _a809.169:316.7 | ||
| 100 | 1 |
_aApaolaza, José Miguel. _9150077 |
|
| 245 | 1 | 0 |
_aLengua, etnicidad y nacionalismo _b: su concreción en Salvatierra (Álava) / _cJosé Miguel (Txemi) Apaolaza ; prólogo de Teresa del Valle. |
| 250 | _a1º ed. | ||
| 260 |
_aBarcelona : _bAnthropos, _c1993. |
||
| 300 |
_a72 p. ; _c27 cm. |
||
| 490 | 1 |
_aCuadernos de antropología. Areas culturales ; _v13 |
|
| 504 | _aBibliografía: 70-72. | ||
| 650 | 0 | 4 |
_aLengua vasca- _xAspectos sociales. _914330 |
| 700 | 1 |
_aValle, Teresa del. _9112776 |
|
| 830 | 0 |
_aCuadernos de antropología _v13 _9224620 |
|
| 852 |
_aES-MaACL _j2313-F-13 |
||
| 999 |
_c180268 _d180268 |
||